Red Dead Redemption 2 Multiple Choice - Statistics

General Stats
  • This quiz has been taken 1,847 times
  • The average score is 8 of 10
Answer Stats
Question Answer % Correct
Who Is The Protagonist? Arthur Morgan
99%
Who Is The Protagonist In The Epilogue? John Marston
99%
What Is The Gang Called? Van der Linde
99%
How Does Arthur Die In The Good Ending? Succumbs To Illness
95%
What Year Does Chapters 1-6 Take Place In? 1899
86%
Did Arthur Have Children? Yes - 1 Child
86%
What Does Arthur Do To Micah If He Goes Back To Get The Money? Slices One Of His Eyes
80%
What Was The Gang's First Hideout Called? Colter
71%
When Was The Gang Founded? 1877
57%
In Which Chapter Does Arthur Get Diagnosed With Tubercolosis? Chapter 5
37%
No matching quizzes found
Score Distribution
Percent of People with Each Score
Percentile by Number Answered
Your Score History
You have not taken this quiz